[Event "Deutsche Ländermeisterschaft 2017"]
[Site "Hannover GER"]
[Date "2017.10.01"]
[Round "2"]
[White "Bethke, Richard"]
[Black "Ruff, Maximilian"]
[Result "1/2-1/2"]
[Termination "normal"]
[Board "1.1"]
[BlackTitle "FM"]
[WhiteElo "2153"]
[BlackElo "2315"]
[WhiteClock "01:12:16"]
[BlackClock "00:17:54"]
[WhiteTeam "Hessen"]
[BlackTeam "Baden 1"]
[PlyCount "95"]
[WhiteFideId "12959243"]
[BlackFideId "1271670"]
[EventCountry "GER"]
[EventRounds "7"]
[EventType "team-swiss"]
[EventDate "2017.09.29"]

1. e4 {[%clk 1:30:57]} c5 {[%clk 1:30:40]} 2. Nf3 {[%clk 1:31:24]} e6 {[%clk
1:31:02]} 3. d4 {[%clk 1:31:51]} cxd4 {[%clk 1:31:26]} 4. Nxd4 {[%clk 1:32:17]}
a6 {[%clk 1:31:49]} 5. Nc3 {[%clk 1:32:44]} Qc7 {[%clk 1:31:29]} 6. Be2 {[%clk
1:33:04]} Nf6 {[%clk 1:28:36]} 7. O-O {[%clk 1:33:05]} Bb4 {[%clk 1:28:54]} 8.
Qd3 {[%clk 1:32:28]} Nc6 {[%clk 1:28:17]} 9. Nxc6 {[%clk 1:32:10]} bxc6 {[%clk
1:27:17]} 10. Bg5 {[%clk 1:28:39]} d5 {[%clk 1:17:01]} 11. a3 {[%clk 1:27:19]}
Be7 {[%clk 1:11:03]} 12. Bf3 {[%clk 1:26:20]} O-O {[%clk 1:08:01]} 13. Qe3
{[%clk 1:25:09]} Bd6 {[%clk 1:02:05]} 14. g3 {[%clk 1:23:34]} Nd7 {[%clk
0:59:19]} 15. Bg2 {[%clk 1:15:58]} f6 {[%clk 0:48:13]} 16. exd5 {[%clk
1:13:10]} fxg5 {[%clk 0:47:27]} 17. Qxe6+ {[%clk 1:12:30]} Kh8 {[%clk 0:46:53]}
18. Ne4 {[%clk 1:11:19]} Be5 {[%clk 0:41:32]} 19. Qxc6 {[%clk 0:53:57]} Qxc6
{[%clk 0:37:51]} 20. dxc6 {[%clk 0:54:23]} Nf6 {[%clk 0:37:44]} 21. Nxf6 {[%clk
0:53:40]} Bxf6 {[%clk 0:36:20]} 22. f4 {[%clk 0:46:46]} Bxb2 {[%clk 0:19:48]}
23. fxg5 {[%clk 0:44:46]} Bg4 {[%clk 0:16:56]} 24. Rab1 {[%clk 0:43:08]} Rxf1+
{[%clk 0:13:35]} 25. Bxf1 {[%clk 0:40:31]} Bd4+ {[%clk 0:08:35]} 26. Kh1 {[%clk
0:40:49]} Bf3+ {[%clk 0:03:02]} 27. Bg2 {[%clk 0:41:15]} Bxg2+ {[%clk 0:03:26]}
28. Kxg2 {[%clk 0:41:42]} Rc8 {[%clk 0:03:06]} 29. c7 {[%clk 0:41:36]} Be5
{[%clk 0:03:23]} 30. Rb8 {[%clk 0:38:23]} Rxb8 {[%clk 0:03:47]} 31. cxb8=Q+
{[%clk 0:38:45]} Bxb8 {[%clk 0:04:15]} 32. Kf3 {[%clk 0:39:04]} Kg8 {[%clk
0:04:40]} 33. Ke4 {[%clk 0:39:19]} Kf7 34. Kd5 Kg6 {[%clk 0:00:43]} 35. c4
{[%clk 0:39:54]} Kxg5 {[%clk 0:00:54]} 36. Kc6 {[%clk 0:39:41]} Kg4 {[%clk
0:00:33]} 37. Kb7 {[%clk 0:39:40]} Bd6 {[%clk 0:00:47]} 38. a4 {[%clk 0:40:06]}
a5 {[%clk 0:00:57]} 39. Kb6 {[%clk 0:40:32]} Kh3 {[%clk 0:00:37]} 40. Kxa5
{[%clk 0:40:47]} Kxh2 {[%clk 0:00:55]} 41. Kb6 {[%clk 0:40:56]} Bxg3 {[%clk
0:24:28]} 42. a5 {[%clk 1:11:25]} g5 {[%clk 0:22:39]} 43. a6 {[%clk 1:11:43]}
g4 {[%clk 0:16:47]} 44. a7 {[%clk 1:11:34]} Bf2+ {[%clk 0:17:14]} 45. c5 {[%clk
1:12:00]} g3 {[%clk 0:17:40]} 46. a8=Q {[%clk 1:12:18]} g2 {[%clk 0:18:03]} 47.
Qb8+ {[%clk 1:12:07]} Bg3 {[%clk 0:17:54]} 48. Qh8 {[%clk 1:12:16]} 1/2-1/2

[Event "Deutsche Ländermeisterschaft 2017"]
[Site "Hannover GER"]
[Date "2017.10.01"]
[Round "2"]
[White "Heinemann, Josefine"]
[Black "Weber, Samuel"]
[Result "1-0"]
[Termination "normal"]
[Board "1.2"]
[WhiteTitle "WIM"]
[WhiteElo "2292"]
[BlackElo "2240"]
[WhiteClock "01:42:28"]
[BlackClock "00:23:15"]
[WhiteTeam "Baden 1"]
[BlackTeam "Hessen"]
[PlyCount "91"]
[WhiteFideId "12900460"]
[BlackFideId "12924008"]
[EventCountry "GER"]
[EventRounds "7"]
[EventType "team-swiss"]
[EventDate "2017.09.29"]

1. e4 {[%clk 1:30:58]} e5 {[%clk 1:30:49]} 2. Nf3 {[%clk 1:31:21]} Nc6 {[%clk
1:30:44]} 3. Bb5 {[%clk 1:31:48]} a6 {[%clk 1:31:08]} 4. Ba4 {[%clk 1:32:15]}
Nf6 {[%clk 1:31:21]} 5. O-O {[%clk 1:32:40]} Be7 {[%clk 1:31:40]} 6. Re1 {[%clk
1:33:06]} b5 {[%clk 1:32:03]} 7. Bb3 {[%clk 1:33:32]} O-O {[%clk 1:32:17]} 8.
c3 {[%clk 1:33:53]} d5 {[%clk 1:22:18]} 9. exd5 {[%clk 1:34:14]} Nxd5 {[%clk
1:22:41]} 10. Nxe5 {[%clk 1:34:40]} Nxe5 {[%clk 1:22:58]} 11. Rxe5 {[%clk
1:35:07]} c6 {[%clk 1:23:19]} 12. d3 {[%clk 1:35:26]} Bd6 {[%clk 1:21:21]} 13.
Re1 {[%clk 1:35:44]} Bf5 {[%clk 1:02:58]} 14. Qf3 {[%clk 1:30:16]} Qd7 {[%clk
0:51:27]} 15. Bxd5 {[%clk 1:25:45]} cxd5 {[%clk 0:47:02]} 16. Bf4 {[%clk
1:19:56]} Bxf4 {[%clk 0:41:45]} 17. Qxf4 {[%clk 1:20:22]} Bxd3 {[%clk 0:40:41]}
18. Nd2 {[%clk 1:20:48]} Rae8 {[%clk 0:28:36]} 19. Nf3 {[%clk 1:19:21]} Qf5
{[%clk 0:18:49]} 20. Qxf5 {[%clk 1:18:27]} Bxf5 {[%clk 0:19:07]} 21. Nd4 {[%clk
1:18:35]} Bd7 {[%clk 0:14:55]} 22. f3 {[%clk 1:18:33]} Rxe1+ {[%clk 0:12:49]}
23. Rxe1 {[%clk 1:18:59]} Re8 {[%clk 0:12:38]} 24. Rxe8+ {[%clk 1:19:12]} Bxe8
{[%clk 0:13:04]} 25. b4 {[%clk 1:18:13]} Bd7 {[%clk 0:10:01]} 26. Kf2 {[%clk
1:18:24]} Kf8 {[%clk 0:09:38]} 27. Ke3 {[%clk 1:18:50]} Ke7 {[%clk 0:09:45]}
28. Nb3 {[%clk 1:19:04]} Kd6 {[%clk 0:08:21]} 29. Kd4 {[%clk 1:18:22]} f6
{[%clk 0:04:55]} 30. Nc5 {[%clk 1:18:10]} Bc8 {[%clk 0:05:20]} 31. Nd3 {[%clk
1:17:02]} g5 {[%clk 0:04:11]} 32. g3 {[%clk 1:15:31]} Bf5 {[%clk 0:02:25]} 33.
Nf2 {[%clk 1:14:30]} h5 {[%clk 0:01:08]} 34. h4 {[%clk 1:14:45]} Be6 {[%clk
0:00:49]} 35. Nd1 {[%clk 1:13:17]} Bf5 {[%clk 0:00:32]} 36. Ne3 {[%clk
1:13:34]} Be6 {[%clk 0:00:43]} 37. f4 {[%clk 1:13:34]} g4 {[%clk 0:00:35]} 38.
f5 {[%clk 1:12:00]} Bd7 {[%clk 0:00:31]} 39. Nxd5 {[%clk 1:12:11]} Bxf5 {[%clk
0:00:34]} 40. Nxf6 {[%clk 1:12:37]} Bg6 {[%clk 0:00:50]} 41. Ne4+ {[%clk
1:11:02]} Bxe4 {[%clk 0:23:48]} 42. Kxe4 {[%clk 1:41:57]} Ke6 {[%clk 0:24:15]}
43. Kd4 {[%clk 1:42:06]} Kd6 {[%clk 0:24:26]} 44. c4 {[%clk 1:42:24]} bxc4
{[%clk 0:23:20]} 45. Kxc4 {[%clk 1:42:48]} Ke5 {[%clk 0:23:15]} 46. Kd3 {[%clk
1:42:28]} 1-0

[Event "Deutsche Ländermeisterschaft 2017"]
[Site "Hannover GER"]
[Date "2017.10.01"]
[Round "2"]
[White "Stork, Oliver"]
[Black "Gschnitzer, Adrian"]
[Result "0-1"]
[Termination "normal"]
[Board "1.3"]
[WhiteElo "2175"]
[BlackElo "2351"]
[WhiteClock "00:00:32"]
[BlackClock "00:04:51"]
[WhiteTeam "Hessen"]
[BlackTeam "Baden 1"]
[PlyCount "84"]
[WhiteFideId "12955728"]
[BlackFideId "1270337"]
[EventCountry "GER"]
[EventRounds "7"]
[EventType "team-swiss"]
[EventDate "2017.09.29"]

1. c4 c5 2. g3 Nf6 3. Bg2 d5 4. cxd5 Nxd5 5. Nc3 Nc7 6. Nf3 Nc6 7. O-O e5 8. a3
Rb8 9. d3 f6 10. Be3 Be6 11. Rc1 Na6 12. Nd2 Qd7 13. Nce4 Nd4 14. f4 Nf5 15.
Bf2 exf4 16. gxf4 Be7 17. b4 cxb4 18. axb4 Nxb4 19. Nc5 Bxc5 20. Bxc5 b6 21.
Bf2 O-O 22. Nf3 Rbc8 23. e4 Rxc1 24. Qxc1 Nxd3 25. Qb1 Ne7 26. Rd1 Bc4 27. Ne1
Rd8 28. Bf1 Qg4+ 29. Bg3 h5 30. Qc2 Rd4 31. Nxd3 Bxd3 32. Bxd3 h4 33. Bc4+ Rxc4
34. Qxc4+ Kh7 35. Rd3 hxg3 36. hxg3 Ng6 37. Kf2 Qh5 38. Qd5 Qh2+ 39. Kf3 a5 40.
Rd2 Qh1+ 41. Kg4 Ne7 42. Qf7 Ng8 0-1

[Event "Deutsche Ländermeisterschaft 2017"]
[Site "Hannover GER"]
[Date "2017.10.01"]
[Round "2"]
[White "Färber, David"]
[Black "Neukirchner, Pascal"]
[Result "1-0"]
[Termination "normal"]
[Board "1.4"]
[WhiteElo "2247"]
[BlackElo "2123"]
[WhiteClock "00:26:30"]
[BlackClock "00:31:04"]
[WhiteTeam "Baden 1"]
[BlackTeam "Hessen"]
[PlyCount "49"]
[WhiteFideId "12971294"]
[BlackFideId "12997927"]
[EventCountry "GER"]
[EventRounds "7"]
[EventType "team-swiss"]
[EventDate "2017.09.29"]

1. e4 {[%clk 1:30:56]} c5 {[%clk 1:30:42]} 2. Nf3 {[%clk 1:31:12]} g6 {[%clk
1:31:00]} 3. d4 {[%clk 1:31:21]} cxd4 {[%clk 1:31:17]} 4. Nxd4 {[%clk 1:31:41]}
Bg7 {[%clk 1:31:41]} 5. Nc3 {[%clk 1:31:58]} Nc6 {[%clk 1:32:06]} 6. Be3 {[%clk
1:32:12]} Nf6 {[%clk 1:32:30]} 7. Bc4 {[%clk 1:32:32]} O-O {[%clk 1:32:53]} 8.
Bb3 {[%clk 1:32:54]} Re8 {[%clk 1:33:07]} 9. h4 {[%clk 1:33:10]} e6 {[%clk
1:33:18]} 10. h5 {[%clk 1:32:49]} d5 {[%clk 1:33:27]} 11. Nxc6 {[%clk 1:32:43]}
bxc6 {[%clk 1:33:51]} 12. hxg6 {[%clk 1:33:03]} hxg6 {[%clk 1:32:57]} 13. e5
{[%clk 1:33:17]} Nd7 {[%clk 1:27:39]} 14. Qg4 {[%clk 1:33:29]} Bxe5 {[%clk
1:19:26]} 15. O-O-O {[%clk 1:33:32]} Nf8 {[%clk 1:06:10]} 16. Bg5 {[%clk
1:16:26]} Bf6 {[%clk 0:59:21]} 17. f4 {[%clk 1:14:06]} Nd7 {[%clk 0:46:18]} 18.
Ba4 {[%clk 0:47:35]} Rb8 {[%clk 0:42:04]} 19. Qh4 {[%clk 0:39:49]} Kf8 {[%clk
0:40:16]} 20. Bxc6 {[%clk 0:35:19]} Bxg5 {[%clk 0:38:57]} 21. fxg5 {[%clk
0:34:01]} Qb6 {[%clk 0:34:02]} 22. Bxd7 {[%clk 0:26:27]} Bxd7 {[%clk 0:30:07]}
23. Qh8+ {[%clk 0:26:23]} Ke7 {[%clk 0:30:35]} 24. Qf6+ {[%clk 0:26:44]} Kd6
{[%clk 0:31:04]} 25. Nxd5 {[%clk 0:26:30]} 1-0

[Event "Deutsche Ländermeisterschaft 2017"]
[Site "Hannover GER"]
[Date "2017.10.01"]
[Round "2"]
[White "Mütsch, Annmarie"]
[Black "Reinecke, Katharina"]
[Result "1-0"]
[Termination "normal"]
[Board "1.6"]
[WhiteElo "2137"]
[BlackElo "1994"]
[WhiteClock "00:16:40"]
[BlackClock "00:00:31"]
[WhiteTeam "Baden 1"]
[BlackTeam "Hessen"]
[PlyCount "65"]
[WhiteFideId "12971367"]
[BlackFideId "12929727"]
[EventCountry "GER"]
[EventRounds "7"]
[EventType "team-swiss"]
[EventDate "2017.09.29"]

1. e4 {[%clk 1:30:58]} c6 {[%clk 1:30:55]} 2. Nc3 {[%clk 1:31:22]} d5 {[%clk
1:31:17]} 3. Nf3 {[%clk 1:31:46]} Bg4 {[%clk 1:30:33]} 4. h3 {[%clk 1:32:08]}
Bxf3 {[%clk 1:30:35]} 5. Qxf3 {[%clk 1:32:31]} e6 {[%clk 1:30:00]} 6. d3 {[%clk
1:32:16]} Bb4 {[%clk 1:25:24]} 7. Bd2 {[%clk 1:27:08]} d4 {[%clk 1:18:27]} 8.
Nb1 {[%clk 1:25:26]} Bd6 {[%clk 1:17:22]} 9. c3 {[%clk 1:19:28]} c5 {[%clk
1:12:08]} 10. Na3 {[%clk 1:10:57]} Nc6 {[%clk 1:09:37]} 11. Qg4 {[%clk
1:00:47]} Qf6 {[%clk 1:01:30]} 12. f4 {[%clk 0:57:10]} Qg6 {[%clk 0:51:05]} 13.
Qf3 {[%clk 0:54:02]} Nge7 {[%clk 0:43:53]} 14. Be2 {[%clk 0:49:49]} Rc8 {[%clk
0:32:47]} 15. Qf2 {[%clk 0:47:02]} O-O {[%clk 0:29:43]} 16. g4 {[%clk 0:35:30]}
f5 {[%clk 0:26:10]} 17. gxf5 {[%clk 0:33:37]} exf5 {[%clk 0:26:23]} 18. e5
{[%clk 0:32:36]} Bc7 {[%clk 0:24:51]} 19. c4 {[%clk 0:31:26]} a6 {[%clk
0:20:23]} 20. O-O-O {[%clk 0:26:16]} Rb8 {[%clk 0:13:06]} 21. Bf3 {[%clk
0:25:15]} b5 {[%clk 0:12:31]} 22. Rdg1 {[%clk 0:24:09]} Qh6 {[%clk 0:11:55]}
23. Rg5 {[%clk 0:21:54]} Na5 {[%clk 0:10:30]} 24. Rhg1 {[%clk 0:20:15]} bxc4
{[%clk 0:06:31]} 25. dxc4 {[%clk 0:19:47]} Nac6 {[%clk 0:03:21]} 26. Rxg7+
{[%clk 0:18:36]} Qxg7 {[%clk 0:03:22]} 27. Rxg7+ {[%clk 0:19:02]} Kxg7 {[%clk
0:03:48]} 28. Bxc6 {[%clk 0:19:13]} Kh8 {[%clk 0:02:20]} 29. Bd5 {[%clk
0:18:54]} Ng6 {[%clk 0:01:14]} 30. h4 {[%clk 0:16:31]} Rfd8 {[%clk 0:00:41]}
31. h5 {[%clk 0:16:19]} Ne7 {[%clk 0:00:46]} 32. Qh4 {[%clk 0:16:19]} Nxd5
{[%clk 0:00:31]} 33. cxd5 {[%clk 0:16:40]} 1-0

[Event "Deutsche Ländermeisterschaft 2017"]
[Site "Hannover GER"]
[Date "2017.10.01"]
[Round "2"]
[White "Flach, Helene"]
[Black "Ziegenfuß, Antonia"]
[Result "0-1"]
[Termination "normal"]
[Board "1.7"]
[WhiteElo "1862"]
[BlackElo "1956"]
[WhiteClock "00:10:10"]
[BlackClock "00:25:30"]
[WhiteTeam "Hessen"]
[BlackTeam "Baden 1"]
[PlyCount "50"]
[WhiteFideId "12929735"]
[BlackFideId "12962554"]
[EventCountry "GER"]
[EventRounds "7"]
[EventType "team-swiss"]
[EventDate "2017.09.29"]

1. e4 {[%clk 1:30:58]} c5 {[%clk 1:30:55]} 2. Nf3 {[%clk 1:31:17]} e6 {[%clk
1:31:19]} 3. d4 {[%clk 1:31:38]} cxd4 {[%clk 1:31:44]} 4. Nxd4 {[%clk 1:32:03]}
Nf6 {[%clk 1:32:07]} 5. Nc3 {[%clk 1:32:19]} Nc6 {[%clk 1:32:32]} 6. Ndb5
{[%clk 1:32:01]} Bc5 {[%clk 1:32:42]} 7. Bg5 {[%clk 1:06:37]} Qb6 {[%clk
1:18:24]} 8. Bh4 {[%clk 0:56:16]} a6 {[%clk 1:11:55]} 9. Na4 {[%clk 0:53:48]}
Qa5+ {[%clk 1:07:48]} 10. c3 {[%clk 0:52:48]} Be7 {[%clk 1:02:32]} 11. Bxf6
{[%clk 0:48:56]} gxf6 {[%clk 1:01:46]} 12. Nd4 {[%clk 0:40:19]} b5 {[%clk
1:00:24]} 13. Nxc6 {[%clk 0:39:30]} dxc6 {[%clk 1:00:44]} 14. Qf3 {[%clk
0:38:45]} bxa4 {[%clk 0:58:48]} 15. Be2 {[%clk 0:37:37]} Bb7 {[%clk 0:55:30]}
16. O-O {[%clk 0:37:31]} O-O-O {[%clk 0:55:25]} 17. b4 {[%clk 0:35:04]} Qg5
{[%clk 0:53:41]} 18. Rab1 {[%clk 0:34:01]} Rhg8 {[%clk 0:51:39]} 19. Rfe1
{[%clk 0:29:21]} f5 {[%clk 0:47:30]} 20. Bf1 {[%clk 0:26:57]} f4 {[%clk
0:39:19]} 21. Qe2 {[%clk 0:19:09]} Qe5 {[%clk 0:31:17]} 22. c4 {[%clk 0:15:06]}
Qc3 {[%clk 0:25:49]} 23. Rec1 {[%clk 0:11:11]} f3 {[%clk 0:24:49]} 24. Rxc3
{[%clk 0:10:20]} fxe2 {[%clk 0:25:15]} 25. Bxe2 {[%clk 0:10:10]} c5 {[%clk
0:25:30]} 0-1

[Event "Deutsche Ländermeisterschaft 2017"]
[Site "Hannover GER"]
[Date "2017.10.01"]
[Round "2"]
[White "Wang, Xinyuan"]
[Black "Bayer, Melissa"]
[Result "1-0"]
[Termination "normal"]
[Board "1.8"]
[WhiteElo "1757"]
[BlackElo "1523"]
[WhiteClock "00:40:32"]
[BlackClock "00:30:10"]
[WhiteTeam "Baden 1"]
[BlackTeam "Hessen"]
[PlyCount "87"]
[WhiteFideId "16221494"]
[BlackFideId "16206916"]
[EventCountry "GER"]
[EventRounds "7"]
[EventType "team-swiss"]
[EventDate "2017.09.29"]

1. d4 {[%clk 1:30:56]} d5 {[%clk 1:30:45]} 2. c4 {[%clk 1:31:22]} e6 {[%clk
1:31:00]} 3. Nc3 {[%clk 1:31:48]} Nf6 {[%clk 1:31:08]} 4. cxd5 {[%clk 1:32:07]}
exd5 {[%clk 1:31:27]} 5. Bg5 {[%clk 1:31:57]} Be7 {[%clk 1:31:27]} 6. Qc2
{[%clk 1:32:17]} c6 {[%clk 1:30:57]} 7. e3 {[%clk 1:32:24]} Nh5 {[%clk
1:28:45]} 8. Bxe7 {[%clk 1:32:17]} Qxe7 {[%clk 1:28:43]} 9. Nxd5 {[%clk
1:31:47]} Qd6 {[%clk 1:23:24]} 10. Nc3 {[%clk 1:30:17]} g6 {[%clk 1:18:41]} 11.
O-O-O {[%clk 1:28:35]} Nd7 {[%clk 1:07:17]} 12. d5 {[%clk 1:27:16]} O-O {[%clk
1:04:34]} 13. dxc6 {[%clk 1:25:55]} Qxc6 {[%clk 1:04:27]} 14. Bb5 {[%clk
1:25:57]} Qxg2 {[%clk 0:58:20]} 15. Nge2 {[%clk 1:24:21]} Ndf6 {[%clk 0:53:24]}
16. Nd4 {[%clk 1:21:33]} Qg5 {[%clk 0:50:18]} 17. Kb1 {[%clk 1:18:56]} Ng7
{[%clk 0:48:20]} 18. f4 {[%clk 1:16:57]} Qc5 {[%clk 0:38:14]} 19. e4 {[%clk
1:15:24]} a6 {[%clk 0:35:23]} 20. Be2 {[%clk 1:13:30]} Rd8 {[%clk 0:30:47]} 21.
Nb3 {[%clk 1:12:58]} Rxd1+ {[%clk 0:26:44]} 22. Qxd1 {[%clk 1:11:44]} Qc7
{[%clk 0:26:29]} 23. Qd4 {[%clk 1:10:42]} Qe7 {[%clk 0:22:25]} 24. Bd3 {[%clk
1:04:07]} Ne6 {[%clk 0:19:36]} 25. Qf2 {[%clk 1:03:07]} Ng4 {[%clk 0:19:21]}
26. Qf3 {[%clk 1:02:39]} Nc7 {[%clk 0:16:28]} 27. h3 {[%clk 1:01:29]} Nf6
{[%clk 0:15:39]} 28. Rf1 {[%clk 0:56:50]} Be6 {[%clk 0:12:59]} 29. Nc1 {[%clk
0:55:38]} Nd7 {[%clk 0:12:16]} 30. Qg3 {[%clk 0:54:22]} Nc5 {[%clk 0:10:56]}
31. Bc2 {[%clk 0:53:26]} Rf8 {[%clk 0:09:47]} 32. f5 {[%clk 0:53:19]} Bc4
{[%clk 0:08:33]} 33. f6 {[%clk 0:52:55]} Qd8 {[%clk 0:06:25]} 34. Rd1 {[%clk
0:52:17]} Qc8 {[%clk 0:06:05]} 35. h4 {[%clk 0:48:00]} h5 {[%clk 0:05:20]} 36.
e5 {[%clk 0:44:36]} Kh7 {[%clk 0:03:15]} 37. Qf2 {[%clk 0:42:29]} N5e6 {[%clk
0:02:11]} 38. Qf3 {[%clk 0:40:31]} Bb5 {[%clk 0:01:42]} 39. Qxh5+ {[%clk
0:39:58]} Kg8 {[%clk 0:01:35]} 40. Bxg6 {[%clk 0:39:36]} fxg6 {[%clk 0:01:14]}
41. Qxg6+ Kh8 {[%clk 0:00:44]} 42. Qh6+ {[%clk 0:40:13]} Kg8 {[%clk 0:00:36]}
43. Rg1+ {[%clk 0:40:32]} Kf7 {[%clk 0:30:10]} 44. Qh5# 1-0

[Event "Deutsche Ländermeisterschaft 2017"]
[Site "Hannover GER"]
[Date "2017.10.01"]
[Round "2"]
[White "Muckle, Julius"]
[Black "Richter, Leonard"]
[Result "1/2-1/2"]
[Termination "normal"]
[Board "2.1"]
[WhiteTitle "FM"]
[WhiteElo "2307"]
[BlackElo "2268"]
[WhiteClock "00:00:59"]
[BlackClock "00:02:59"]
[WhiteTeam "Rheinland-Pfalz"]
[BlackTeam "Sachsen"]
[PlyCount "120"]
[WhiteFideId "12942430"]
[BlackFideId "12900290"]
[EventCountry "GER"]
[EventRounds "7"]
[EventType "team-swiss"]
[EventDate "2017.09.29"]

1. d4 {[%clk 1:30:58]} Nf6 {[%clk 1:30:55]} 2. c4 {[%clk 1:31:25]} g6 {[%clk
1:31:21]} 3. Nc3 {[%clk 1:31:52]} Bg7 {[%clk 1:31:46]} 4. e4 {[%clk 1:32:18]}
d6 {[%clk 1:32:11]} 5. f3 {[%clk 1:32:43]} O-O {[%clk 1:32:35]} 6. Be3 {[%clk
1:33:11]} Nc6 {[%clk 1:32:53]} 7. Nge2 {[%clk 1:33:23]} a6 {[%clk 1:33:15]} 8.
Qd2 {[%clk 1:33:45]} Rb8 {[%clk 1:33:18]} 9. Rb1 {[%clk 1:33:57]} e5 {[%clk
1:14:59]} 10. d5 {[%clk 1:30:52]} Ne7 {[%clk 1:15:22]} 11. Ng3 {[%clk 1:25:37]}
Nd7 {[%clk 1:08:09]} 12. Bd3 {[%clk 1:21:54]} f5 {[%clk 0:59:56]} 13. exf5
{[%clk 1:18:06]} gxf5 {[%clk 0:57:54]} 14. Nh5 {[%clk 1:04:50]} Rf7 {[%clk
0:34:56]} 15. f4 {[%clk 0:50:31]} Nf6 {[%clk 0:29:29]} 16. Be2 {[%clk 0:37:22]}
Ng6 {[%clk 0:25:18]} 17. O-O {[%clk 0:36:22]} Nxh5 {[%clk 0:22:16]} 18. Bxh5
{[%clk 0:36:32]} Qh4 {[%clk 0:22:39]} 19. Bxg6 {[%clk 0:35:32]} hxg6 {[%clk
0:23:02]} 20. Rf3 {[%clk 0:26:08]} Bd7 {[%clk 0:19:14]} 21. Rg3 {[%clk
0:25:51]} Qf6 {[%clk 0:09:31]} 22. Qf2 {[%clk 0:16:47]} e4 {[%clk 0:02:11]} 23.
Ne2 {[%clk 0:16:01]} Re7 {[%clk 0:02:08]} 24. Bd4 {[%clk 0:12:28]} Qf7 {[%clk
0:02:33]} 25. h4 {[%clk 0:12:43]} Bxd4 {[%clk 0:01:34]} 26. Qxd4 {[%clk
0:11:12]} Kh7 {[%clk 0:01:07]} 27. Rg5 {[%clk 0:10:46]} e3 {[%clk 0:00:41]} 28.
h5 {[%clk 0:10:37]} gxh5 {[%clk 0:00:55]} 29. Ng3 {[%clk 0:07:14]} Kh6 {[%clk
0:00:51]} 30. Rxh5+ {[%clk 0:07:14]} Kg6 {[%clk 0:00:57]} 31. Rg5+ {[%clk
0:06:41]} Kh6 {[%clk 0:01:22]} 32. Re1 {[%clk 0:06:29]} Rbe8 {[%clk 0:00:58]}
33. Qd1 {[%clk 0:05:47]} b5 {[%clk 0:00:41]} 34. Qf3 {[%clk 0:05:42]} Rg8
{[%clk 0:00:48]} 35. Rh5+ {[%clk 0:02:06]} Kg7 {[%clk 0:00:58]} 36. cxb5 {[%clk
0:02:01]} axb5 {[%clk 0:01:14]} 37. Rxe3 {[%clk 0:02:25]} Rxe3 {[%clk 0:01:09]}
38. Qxe3 Kf8 {[%clk 0:01:12]} 39. Rh3 {[%clk 0:00:35]} Qxd5 {[%clk 0:01:28]}
40. Rh7 {[%clk 0:00:44]} Be6 {[%clk 0:00:47]} 41. Rxc7 {[%clk 0:26:58]} Rg7
{[%clk 0:20:05]} 42. Rxg7 {[%clk 0:25:34]} Kxg7 {[%clk 0:20:25]} 43. Nh5+
{[%clk 0:25:14]} Kf8 {[%clk 0:14:29]} 44. Kh2 {[%clk 0:19:42]} Bf7 {[%clk
0:10:06]} 45. Ng3 {[%clk 0:19:36]} Be8 {[%clk 0:09:30]} 46. Qc3 {[%clk
0:18:28]} Bc6 {[%clk 0:09:33]} 47. Qf6+ {[%clk 0:18:22]} Ke8 {[%clk 0:09:28]}
48. Qg6+ {[%clk 0:18:45]} Kd8 {[%clk 0:09:05]} 49. Nxf5 {[%clk 0:18:05]} Kc7
{[%clk 0:04:57]} 50. Qg7+ {[%clk 0:11:15]} Kb8 {[%clk 0:04:30]} 51. Qg5 {[%clk
0:05:54]} Qd2 {[%clk 0:04:00]} 52. Ne7 {[%clk 0:04:45]} Bxg2 {[%clk 0:02:28]}
53. Qg8+ {[%clk 0:03:49]} Ka7 {[%clk 0:02:15]} 54. Qxg2 {[%clk 0:01:37]} Qxf4+
{[%clk 0:02:39]} 55. Kg1 {[%clk 0:01:49]} Qc1+ {[%clk 0:02:37]} 56. Kh2 {[%clk
0:01:50]} Qh6+ {[%clk 0:02:31]} 57. Kg1 {[%clk 0:00:46]} Qc1+ {[%clk 0:02:54]}
58. Qf1 {[%clk 0:00:41]} Qg5+ {[%clk 0:03:03]} 59. Kf2 {[%clk 0:00:55]} Qf6+
{[%clk 0:02:50]} 60. Kg2 {[%clk 0:00:59]} Qg5+ {[%clk 0:02:59]} 1/2-1/2

[Event "Deutsche Ländermeisterschaft 2017"]
[Site "Hannover GER"]
[Date "2017.10.01"]
[Round "2"]
[White "Urban, Konstantin"]
[Black "Syrov, Arkadi"]
[Result "1-0"]
[Termination "normal"]
[Board "2.2"]
[WhiteElo "2303"]
[BlackElo "2280"]
[WhiteClock "00:03:13"]
[BlackClock "00:01:14"]
[WhiteTeam "Sachsen"]
[BlackTeam "Rheinland-Pfalz"]
[PlyCount "77"]
[WhiteFideId "12927511"]
[BlackFideId "12942448"]
[EventCountry "GER"]
[EventRounds "7"]
[EventType "team-swiss"]
[EventDate "2017.09.29"]

1. e4 {[%clk 1:30:59]} e5 {[%clk 1:30:54]} 2. Nf3 {[%clk 1:31:12]} Nc6 {[%clk
1:31:19]} 3. Bb5 {[%clk 1:31:25]} a6 {[%clk 1:31:41]} 4. Ba4 {[%clk 1:30:54]}
Nf6 {[%clk 1:32:02]} 5. O-O {[%clk 1:27:08]} Be7 {[%clk 1:28:41]} 6. d3 {[%clk
1:27:14]} b5 {[%clk 1:28:55]} 7. Bb3 {[%clk 1:27:34]} d6 {[%clk 1:29:15]} 8. a4
{[%clk 1:27:37]} Bd7 {[%clk 1:29:37]} 9. Nc3 {[%clk 1:27:44]} Na5 {[%clk
1:29:56]} 10. Ba2 {[%clk 1:27:05]} b4 {[%clk 1:30:17]} 11. Ne2 {[%clk 1:26:57]}
c5 {[%clk 1:30:41]} 12. Nd2 {[%clk 1:26:36]} Be6 {[%clk 1:30:56]} 13. Bxe6
{[%clk 1:09:10]} fxe6 {[%clk 1:31:17]} 14. f4 {[%clk 1:08:06]} c4 {[%clk
1:10:19]} 15. Nf3 {[%clk 1:04:18]} Qb6+ {[%clk 1:06:52]} 16. Kh1 {[%clk
1:02:49]} Nc6 {[%clk 0:44:46]} 17. Ng5 {[%clk 0:46:36]} Ng4 {[%clk 0:43:02]}
18. Nxe6 {[%clk 0:38:15]} Kd7 {[%clk 0:15:54]} 19. N2d4 {[%clk 0:31:43]} h5
{[%clk 0:15:31]} 20. Nxc6 {[%clk 0:31:12]} Kxe6 {[%clk 0:13:44]} 21. f5+ {[%clk
0:31:12]} Kd7 {[%clk 0:14:02]} 22. Nxe7 {[%clk 0:24:44]} Kxe7 {[%clk 0:14:27]}
23. Bg5+ {[%clk 0:20:08]} Kd7 {[%clk 0:13:32]} 24. dxc4 {[%clk 0:17:02]} Nf2+
{[%clk 0:11:00]} 25. Rxf2 {[%clk 0:17:31]} Qxf2 {[%clk 0:11:21]} 26. Qd5 {[%clk
0:17:52]} Qc5 {[%clk 0:11:48]} 27. Qe6+ {[%clk 0:17:30]} Kc7 {[%clk 0:04:09]}
28. Rd1 {[%clk 0:16:15]} Qc6 {[%clk 0:01:39]} 29. Be7 {[%clk 0:10:58]} Rad8
{[%clk 0:02:00]} 30. Bxd8+ {[%clk 0:09:39]} Rxd8 {[%clk 0:02:22]} 31. Qd5
{[%clk 0:07:44]} Qxa4 {[%clk 0:00:39]} 32. c5 {[%clk 0:06:49]} Qc6 {[%clk
0:01:08]} 33. cxd6+ {[%clk 0:06:54]} Kb7 {[%clk 0:01:35]} 34. Qxe5 {[%clk
0:05:40]} Rd7 {[%clk 0:00:35]} 35. Qd4 {[%clk 0:04:41]} Qxc2 {[%clk 0:00:40]}
36. e5 {[%clk 0:02:47]} Qxf5 {[%clk 0:01:08]} 37. Qd5+ {[%clk 0:02:50]} Ka7 38.
e6 {[%clk 0:02:50]} Rxd6 {[%clk 0:01:14]} 39. Qxd6 {[%clk 0:03:13]} 1-0